000 00828nam a2200217 a 4500
008 120416s1979 ||||||||||||||||| || u
020 _a0070706069
050 _aHF 5667 Wil
100 _aWillingham, John J
245 1 0 _aAuditing concepts and methods
250 _a3rd ed.
260 _aNew York
_bMcGraw-Hill
_c1979
300 _axii, 446p. : ill.
350 _a0.00
500 _aIncludes index.
650 _aAUDITING
650 _aTEXTBOOKS
700 _aCarmichael, D. R. (Douglas R.), 1941-
995 _aANNEX COLLECTION (Main Library)
_D0.00
_e709103
_FCBU-MAIN LIBRARY (Kitwe)
_H1
_I28.95
_jHF 5667 Wil
_M1
_UAVAILABLE
_y006867
_ZAnnex Low-Usage Collection
995 _aANNEX COLLECTION (Main Library)
_D0.00
_e703043
_FCBU-MAIN LIBRARY (Kitwe)
_H2
_I28.95
_jHF 5667 Wil
_M2
_UAVAILABLE
_y006868
_ZAnnex Low-Usage Collection
999 _c84464
_d84464